| 000 | 00000nam##2200000za#4500 |
| 001 | 9.700471 |
| 003 | CaOODSP |
| 005 | 20250506145324 |
| 007 | cr ||||||||||| |
| 008 | 150407|1990||||xxc|||||o f|0| 0 eng|d |
| 040 | |aCaOODSP|beng |
| 043 | |an-cn--- |
| 086 | 1 |aA53-1846/1990E-PDF |
| 110 | 1 |aCanada.|bAgriculture Canada. |
| 245 | 10|aRefrigeration - Mobile precooler for fruits and vegetables / |h[electronic resource]|c[by] I.R. MacKinnon, R.K. Prange, and P.D. Lidster. |
| 260 | |bAgriculture Canada |c1990. |
| 300 | |a10p.|bfigs. |
| 500 | |aHistorical publication digitized by Agriculture and Agri-Food Canada. |
| 590 | |a15-05-Supp|b2015-03-31 |
| 775 | 08|tRéfrigération - Prérefroidisseur mobile pour fruits et légumes / |w(CaOODSP)9.644355 |
| 856 | 40|ahttp://publications.gc.ca|qPDF|s418 KB|uhttps://publications.gc.ca/collections/collection_2015/aac-aafc/A53-1846-1990-eng.pdf |
| 986 | |aPublication 1846/B |